Pembuka 10 kunci mudah kaya

Bibliographic Details
Main Author: Fadhl Ilaahi,Doktor
Other Authors: Abdullah Al-Qari Hj Salleh
Format: Book
Published: Kuala Lumpur : Al-Hidayah , 2005
Subjects:

MARC

LEADER 00000cam a2200000 7i4500
001 0000012585
005 20071226.0
008 071226
020 |a 9830996476 
090 0 0 |a 297.57   |b FAD 
100 1 |a Fadhl Ilaahi,Doktor 
245 1 0 |a Pembuka 10 kunci mudah kaya   |c Doktor Fadhl Ilaahi; penterjemahan Abdullah Al-Qari hj Salleh 
260 |a Kuala Lumpur :   |b Al-Hidayah ,   |c 2005 
650 0 |a Islam   |x Customs and practices 
650 0 |a Religious life   |x Islam 
700 1 |a Abdullah Al-Qari Hj Salleh 
999 |a 0001007924   |b Book   |c Adult Collection   |e Perbadanan Perpustakaan Awam Johor